01202nam a2200313 a 4500952015600000999001700156001000800173003000900181005001700190008004100207010001700248020002700265025001400292040002800306043001200334050002100346082002200367100003000389245007900419260004600498300002500544500007500569504006400644650005200708651004400760651002700804906004500831942001200876 00102ddc40718NFICaASLbASLcLCd2020-12-22eDonated by Prof. David Luddenl0o306.2409 VEPp103294r2020-12-22 00:00:00tC-1w2020-12-22yBKzRARE c19902d199024902773BDDh-ASL20231015025824.0931126s1993 ii b 001 0 eng  a 93905632  a0863113095 :cRs195.00 aI-E-71976 aDLCcDLCdDLCdBDDh-ASL aa-ii---00aJQ231b.V45 199300a306.2409221bVEP1 aVeluthat, Kesavan,d1951-14aThe political structure of early medieval South India /cKesavan Veluthat. aHyderabad, A.P. :bOrient Longman,c1993. axi, 294 p. :c23 cm. aRevision of the author's thesis (Ph. D.--University of Calicut, 1987). aIncludes bibliographical references (p. 271-288) and index. 0aPower (Social sciences)zIndia, SouthxHistory. 0aIndia, South xPolitics and government. 0aIndia, SouthxHistory. a7bcbccorignewd3encipf19gy-gencatlg 2ddccBK